[Event "Olomouc Chess Summer 2025 - D2"]
[Site "Olomouc (CZE), Hotel Flora"]
[Date "2025.08.23"]
[Round "8"]
[Board "16"]
[White "Galt, Valeri"]
[Black "Lepik, Jaroslav"]
[Result "1/2-1/2"]
[WhiteElo "1962"]
[BlackElo "1876"]
[PlyCount "0"]
[EventDate "2025.08.17"]
[EventRounds "9"]
[EventCountry "CZE"]

1. Nc3 Nf6 2. e4 d6 3. d4 c6 4. Nf3 b5 5. a3 a5 6. Bg5 Bb7 7. e5 dxe5 8. dxe5 Qxd1+
9. Rxd1 b4 10. exf6 bxc3 11. fxe7 Bxe7 12. Bxe7 Kxe7 13. bxc3 Re8 14. Bd3 Kf8+ 15.
Kd2 Na6 16. Rb1 Nc5 17. Rhe1 Rad8 18. Rxe8+ Rxe8 19. Nd4 Rd8 20. f3 g6 21. Nb3 Nxb3+
22. cxb3 Bc8 23. Kc2 Rxd3 24. Kxd3 Bf5+ 25. Kc4 Bxb1 26. Kc5 Ba2 27. b4 axb4 28.
cxb4 Ke8 29. Kxc6 Kd8 30. a4 Bc4 31. a5 Bf1 32. Kb7 Bxg2 33. a6 Bxf3+ 34. Kb8 f5
35. b5 f4 36. b6 Be4 37. a7 f3 38. a8=Q Bxa8 39. Kxa8 f2 40. b7 f1=Q 41. b8=Q Ke7
42. Qc7+ Kf6 43. Qxh7 Qa6+ 44. Kb8 Qb6+ 45. Kc8 Qa6+  1/2-1/2

[Event "Olomouc Chess Summer 2025 - D2"]
[Site "Olomouc (CZE), Hotel Flora"]
[Date "2025.08.23"]
[Round "8"]
[Board "17"]
[White "Svanholm, Borge Waaktaar"]
[Black "Fiser, Jiri"]
[Result "1/2-1/2"]
[WhiteElo "1936"]
[BlackElo "1860"]
[PlyCount "0"]
[EventDate "2025.08.17"]
[EventRounds "9"]
[EventCountry "CZE"]

1. Nf3 f5 2. d4 Nf6 3. e3 e6 4. Be2 b6 5. O-O Bb7 6. c4 Be7 7. Nc3 O-O 8. Qc2 Ne4
9. Ne1 d5 10. b3 Nd7 11. Bb2 Ndf6 12. f3 Nxc3 13. Bxc3 g5 14. Nd3 Kh8 15. Kh1 Qe8
16. Ne5 Nd7 17. Bd3 Bd6 18. Nxd7 Qxd7 19. e4 c6 20. Rae1 Rf7 21. Rf2 fxe4 22. fxe4
Rxf2 23. Qxf2 Rf8 24. Qe2 Qf7 25. e5 Be7 26. cxd5 cxd5 27. Kg1 Bc6 28. Qe3 Qh5 29.
Be2  1/2-1/2

[Event "Olomouc Chess Summer 2025 - D2"]
[Site "Olomouc (CZE), Hotel Flora"]
[Date "2025.08.23"]
[Round "8"]
[Board "18"]
[White "Balishansky, Alexander"]
[Black "Pesek, Petr"]
[Result "1-0"]
[WhiteElo "1918"]
[BlackElo "1853"]
[PlyCount "0"]
[EventDate "2025.08.17"]
[EventRounds "9"]
[EventCountry "CZE"]

1. Nf3 d5 2. g3 Bf5 3. Bg2 e6 4. c4 c6 5. b3 Be7 6. O-O Bf6 7. d4 Nd7 8. Bb2 h6 9.
Nbd2 Ne7 10. Re1 O-O 11. e4 dxe4 12. Nxe4 Bxe4 13. Rxe4 Qc7 14. Qe2 Rfe8 15. Re1
Nb6 16. Bc1 Rad8 17. Bf4 Qc8 18. Bh3 Ng6 19. Bd2 Qc7 20. Ba5 Qb8 21. Bf1 Rc8 22.
h4 Nd7 23. Bh3 b6 24. Bd2 Qc7 25. h5 Ngf8 26. Bf4 Qd8 27. b4 Bg5 28. Nxg5 hxg5 29.
Bc1 Nh7 30. Bb2 Nhf6 31. Re3 Qc7 32. Bg4 Rcd8 33. Kg2 Nf8 34. Bf3 N8h7 35. Ba1 Qd6
36. Qb2 Qc7 37. h6 gxh6 38. g4 Qf4 39. d5 cxd5 40. cxd5 e5 41. Rxe5 Rxe5 42. Rxe5
Kg7 43. Rf5 Qd6 44. Qc3 Rd7 45. Qc6 Qe7 46. a3 Rd6 47. Qc2 Nf8 48. Be5 N8d7 49. Bd4
Kf8 50. Qc8+ Qe8 51. Qc7 Qb8 52. Qxb8+ Nxb8 53. Rxf6  1-0

[Event "Olomouc Chess Summer 2025 - D2"]
[Site "Olomouc (CZE), Hotel Flora"]
[Date "2025.08.23"]
[Round "8"]
[Board "19"]
[White "Pavlicek, Petr"]
[Black "Franc, Lubor"]
[Result "1/2-1/2"]
[WhiteElo "1916"]
[BlackElo "1849"]
[PlyCount "0"]
[EventDate "2025.08.17"]
[EventRounds "9"]
[EventCountry "CZE"]

1. Nf3 Nf6 2. d4 g6 3. c4 Bg7 4. g3 O-O 5. Bg2 c6 6. Nc3 d6 7. O-O Bf5 8. h3 Ne4
9. Nxe4 Bxe4 10. Be3 Nd7 11. Qc1 Qc7 12. Bh6 Nf6 13. Rd1 Rac8 14. Bxg7 Kxg7 15. Qc3
d5 16. c5 h6 17. h4 Rce8 18. Bh3 Bxf3  1/2-1/2

[Event "Olomouc Chess Summer 2025 - D2"]
[Site "Olomouc (CZE), Hotel Flora"]
[Date "2025.08.23"]
[Round "8"]
[Board "20"]
[White "Vlacil, Vladimir"]
[Black "Tejkal, Jiri"]
[Result "1/2-1/2"]
[WhiteElo "1914"]
[BlackElo "1845"]
[PlyCount "0"]
[EventDate "2025.08.17"]
[EventRounds "9"]
[EventCountry "CZE"]

1. e4 c6 2. d4 d5 3. exd5 cxd5 4. c4 Nf6 5. Nc3 Nc6 6. Be3 e6 7. Nf3 Be7 8. Be2 dxc4
9. Bxc4 O-O 10. O-O Nb4 11. Qe2 b6 12. Ne5 Nbd5 13. Nc6 Qc7 14. Nxe7+ Qxe7 15. Bg5
Nxc3 16. bxc3 Qc7 17. Bxf6 gxf6 18. Rac1 Bb7 19. Bd3 Qf4 20. Rfe1 f5 21. Qe5 Qxe5
22. Rxe5 Rfd8  1/2-1/2

[Event "Olomouc Chess Summer 2025 - D2"]
[Site "Olomouc (CZE), Hotel Flora"]
[Date "2025.08.24"]
[Round "9"]
[Board "1"]
[White "Kubicek, Antonin"]
[Black "Schmid, Thomas"]
[Result "1-0"]
[WhiteElo "2074"]
[BlackElo "2038"]
[PlyCount "0"]
[EventDate "2025.08.17"]
[EventRounds "9"]
[EventCountry "CZE"]

1. c4 e5 2. Nc3 Nf6 3. g3 d5 4. cxd5 Nxd5 5. Bg2 Ne7 6. Nf3 Nbc6 7. b4 a6 8. a4 Ng6
9. b5 axb5 10. Nxb5 e4 11. Ng1 Nd4 12. Nc3 f5 13. Rb1 Ne5 14. Nh3 Bc5 15. O-O O-O
16. d3 exd3 17. exd3 c6 18. Bf4 Ng6 19. Bg5 Qc7 20. Re1 h6 21. Qh5 Qf7 22. Nf4 Nxf4
23. Qxf7+ Rxf7 24. Bxf4 g5 25. Re8+ Rf8 26. Rxf8+ Kxf8 27. Be5 Kf7 28. Kf1 Ra6 29.
f4 g4 30. Rb2 Ne6 31. h3 h5 32. hxg4 hxg4 33. Bh1 Bd4 34. Rb4 Bb6 35. Rc4 Ba5 36.
Nb5 cxb5 37. Rxc8 bxa4 38. Bxb7 Rb6 39. Bd5 Rb1+ 40. Ke2 a3 41. Rc6 Rb6 42. Bxe6+
Ke7  1-0

[Event "Olomouc Chess Summer 2025 - D2"]
[Site "Olomouc (CZE), Hotel Flora"]
[Date "2025.08.24"]
[Round "9"]
[Board "2"]
[White "Kisa, Lubomir"]
[Black "Babula, Milan"]
[Result "1/2-1/2"]
[WhiteElo "2137"]
[BlackElo "2086"]
[PlyCount "0"]
[EventDate "2025.08.17"]
[EventRounds "9"]
[EventCountry "CZE"]

1. Nf3 d5 2. d4 Nf6 3. Bf4 c6 4. c3 Bf5 5. e3 e6 6. Bd3 Bxd3 7. Qxd3 Bd6 8. Bxd6
Qxd6 9. Nbd2 Nbd7 10. e4 dxe4 11. Nxe4 Nxe4 12. Qxe4 O-O 13. O-O h6 14. Rfe1 Rfd8
15. Ne5 Nxe5 16. Qxe5  1/2-1/2

[Event "Olomouc Chess Summer 2025 - D2"]
[Site "Olomouc (CZE), Hotel Flora"]
[Date "2025.08.24"]
[Round "9"]
[Board "3"]
[White "Bartos, Alois"]
[Black "Petras, Milan"]
[Result "1/2-1/2"]
[WhiteElo "1974"]
[BlackElo "1977"]
[PlyCount "0"]
[EventDate "2025.08.17"]
[EventRounds "9"]
[EventCountry "CZE"]

1. e4 e6 2. d4 d5 3. Nc3 Bb4 4. e5 c5 5. a3 Bxc3+ 6. bxc3 Ne7 7. Qg4 Qc7 8. Qxg7
Rg8 9. Qxh7 cxd4 10. Ne2 Nbc6 11. f4 dxc3 12. Qd3 d4 13. Nxd4 Nxd4 14. Qxd4 Bd7 15.
Rg1 Nf5 16. Qf2 Qc6 17. g4 Qe4+ 18. Qe2 Qd4 19. Qf2 Qe4+ 20. Qe2 Qa4 21. Qf2 Nd4
22. Bd3 O-O-O 23. Rb1 a5 24. Rg3 Bc6 25. h4 Kb8 26. h5 Rh8 27. Kf1 Rd5 28. Be3 Rhd8
29. h6 Bb5 30. Bxd4 Rxd4 31. Bxb5 Rd1+ 32. Rxd1 Rxd1+ 33. Kg2 Qxb5 34. h7 Qd5+ 35.
Rf3 Qd8 36. Rd3 Rxd3 37. cxd3 Qh8 38. Qc2 Qxh7 39. Qxc3 Qh4 40. Kf3 Qh3+ 41. Ke4
Qxg4 42. Qxa5 Qe2+ 43. Kd4 Qf2+ 44. Ke4  1/2-1/2

[Event "Olomouc Chess Summer 2025 - D2"]
[Site "Olomouc (CZE), Hotel Flora"]
[Date "2025.08.24"]
[Round "9"]
[Board "4"]
[White "Pospisil, Evzen"]
[Black "Meizlin, Yaacov"]
[Result "1-0"]
[WhiteElo "2020"]
[BlackElo "1925"]
[PlyCount "0"]
[EventDate "2025.08.17"]
[EventRounds "9"]
[EventCountry "CZE"]

1. d4 d6 2. Nf3 Nf6 3. g3 Bf5 4. Bg2 c6 5. O-O Nbd7 6. c4 e5 7. Nc3 h6 8. Re1 Be7
9. h3 Qc7 10. e4 Bh7 11. b3 O-O 12. Bb2 exd4 13. Nxd4 Rfe8 14. Kh2 Bf8 15. Qd2 Nc5
16. f3 Rad8 17. b4 Ncd7 18. f4 a5 19. a3 Ra8 20. Nb3 axb4 21. axb4 Rxa1 22. Bxa1
Nb6 23. Na5 Nfd7 24. Nd1 f6 25. Nf2 Bg6 26. Bf1 Bf7 27. Rc1 Nb8 28. Bc3 Na4 29. Qc2
Nxc3 30. Qxc3 Nd7 31. Nb3 Ra8 32. Ra1 Rxa1 33. Nxa1 Qb6 34. Kg2 Nb8 35. Nc2 Na6 36.
Nd3 Bg6 37. Kf3 Qg1 38. Qe1 Nc7 39. Qf2 Qh1+ 40. Qg2 Qxg2+ 41. Bxg2 d5 42. cxd5 cxd5
43. Ke3 Bxe4 44. Bxe4 dxe4 45. Kxe4 Kf7 46. f5 Bd6 47. g4 g6 48. Ne3 gxf5+ 49. gxf5
h5 50. Nd5 Nxd5 51. Kxd5 Ke7 52. b5 h4 53. Nf2 Kd7 54. Ne4 Be7 55. Nd2 Bd6 56. Nc4
Bc7 57. Ke4 Bg3 58. Kf3 Be1 59. Kg4 Bf2 60. Kh5 Be1 61. Kg6 Bc3 62. Kf7 Bd4 63. Nd2
Kc7 64. Nf3 Be5 65. Ke6 Ba1 66. Kd5  1-0

[Event "Olomouc Chess Summer 2025 - D2"]
[Site "Olomouc (CZE), Hotel Flora"]
[Date "2025.08.24"]
[Round "9"]
[Board "6"]
[White "Keprt, Pavel"]
[Black "Popelka, Oldrich"]
[Result "1-0"]
[WhiteElo "1960"]
[BlackElo "2064"]
[PlyCount "0"]
[EventDate "2025.08.17"]
[EventRounds "9"]
[EventCountry "CZE"]

1. e4 c5 2. f4 Nc6 3. Nf3 g6 4. Bb5 Bg7 5. c3 Qb6 6. Na3 Nf6 7. d3 O-O 8. Qe2 d6
9. Ba4 Bd7 10. Nc4 Qc7 11. Bc2 b5 12. Ne3 b4 13. Bd2 Rab8 14. O-O bxc3 15. bxc3 e6
16. Qe1 Nh5 17. Ng5 h6 18. Nh3 f5 19. Bb3 Na5 20. Bc2 c4 21. d4 Nf6 22. e5 Ne4 23.
Bxe4 fxe4 24. Qg3 Be8 25. Nf2 d5 26. Rab1 Bf7 27. Nfg4 Qe7 28. f5 Rxb1 29. Rxb1 exf5
30. Nxf5 gxf5 31. Nxh6+ Kh7 32. Nxf5  1-0

[Event "Olomouc Chess Summer 2025 - D2"]
[Site "Olomouc (CZE), Hotel Flora"]
[Date "2025.08.24"]
[Round "9"]
[Board "8"]
[White "Musil, Vitezslav"]
[Black "Mlynek, Petr"]
[Result "1/2-1/2"]
[WhiteElo "1910"]
[BlackElo "2007"]
[PlyCount "0"]
[EventDate "2025.08.17"]
[EventRounds "9"]
[EventCountry "CZE"]

1. Nf3 f5 2. e4 fxe4 3. Ng5 Nf6 4. d3 e5 5. dxe4 h6 6. Nf3 Nc6 7. Nc3 Bc5 8. Bc4
d6 9. O-O Qe7 10. h3 Be6 11. Nd5 Bxd5 12. exd5 Na5 13. Bb5+ c6 14. dxc6 Nxc6 15.
Nh4 Qf7 16. Be3 O-O-O 17. Bxc6 bxc6 18. Bxc5 dxc5 19. Qe2  1/2-1/2

[Event "Olomouc Chess Summer 2025 - D2"]
[Site "Olomouc (CZE), Hotel Flora"]
[Date "2025.08.24"]
[Round "9"]
[Board "10"]
[White "Titera, Libor"]
[Black "Spanton, Tim R"]
[Result "1/2-1/2"]
[WhiteElo "1843"]
[BlackElo "1982"]
[PlyCount "0"]
[EventDate "2025.08.17"]
[EventRounds "9"]
[EventCountry "CZE"]

1. b4 e5 2. Bb2 f6 3. b5 a6 4. a4 axb5 5. axb5 Rxa1 6. Bxa1 d5 7. e3 Bd6 8. c4 Ne7
9. Nc3 Be6 10. Qb3 c6 11. d4 Qa5 12. Bb2 Bb4 13. Nf3 dxc4 14. Bxc4 Bxc4 15. Qxc4
e4 16. Nd2 Nd5 17. Nxd5 Bxd2+ 18. Ke2 cxd5 19. Qc8+ Qd8 20. Qe6+ Qe7 21. Qc8+ Qd8
 1/2-1/2

[Event "Olomouc Chess Summer 2025 - D2"]
[Site "Olomouc (CZE), Hotel Flora"]
[Date "2025.08.24"]
[Round "9"]
[Board "11"]
[White "Marek, Jiri"]
[Black "Svub, Jan"]
[Result "1/2-1/2"]
[WhiteElo "1961"]
[BlackElo "1894"]
[PlyCount "0"]
[EventDate "2025.08.17"]
[EventRounds "9"]
[EventCountry "CZE"]

1. e4 c5 2. Nf3 d6 3. d4 cxd4 4. Bc4 Nf6 5. Nxd4 e6 6. Nc3 a6 7. a4 Be7 8. O-O O-O
9. Bb3 Bd7 10. Be3 Nc6 11. f3 Qc7 12. Qe2 Na5 13. Ba2 Rac8 14. Rad1 Nc4 15. Bc1 e5
16. Nb3 Be6 17. Kh1 Rfd8 18. Nd2 Nxd2  1/2-1/2

[Event "Olomouc Chess Summer 2025 - D2"]
[Site "Olomouc (CZE), Hotel Flora"]
[Date "2025.08.24"]
[Round "9"]
[Board "12"]
[White "Green, Per"]
[Black "Hruska, Vladimir"]
[Result "1-0"]
[WhiteElo "1961"]
[BlackElo "1901"]
[PlyCount "0"]
[EventDate "2025.08.17"]
[EventRounds "9"]
[EventCountry "CZE"]

1. Nf3 Nf6 2. g3 d5 3. Bg2 e6 4. O-O Be7 5. d3 O-O 6. Nbd2 c5 7. e4 Qc7 8. Re1 Nc6
9. e5 Nd7 10. Qe2 b6 11. Nf1 Bb7 12. h4 Rae8 13. Bf4 Qd8 14. Bh3 Bc8 15. c3 Ndb8
16. N1h2 f6 17. exf6 Bxf6 18. Ng4 Bd7 19. Nxf6+ Qxf6 20. Ne5 Nxe5 21. Bxe5 Qf3 22.
Bxb8 Rxb8 23. Bxe6+ Bxe6 24. Qxe6+ Kh8 25. Qe3 Qf7 26. Qd2 Rbe8 27. Rxe8 Rxe8 28.
Re1 h6 29. Rxe8+ Qxe8 30. b3 Qh5 31. Kg2 b5 32. Qe3 c4 33. dxc4 dxc4 34. bxc4 bxc4
35. Qxa7 Qd5+ 36. Kh2 g5 37. hxg5 hxg5 38. Qe3 Kh7 39. a4 Kh6 40. Qb6+ Kh5 41. a5
g4 42. a6 Qf5 43. Qe3 Qc8 44. a7 Qc6 45. Qf4 Qf6 46. Qe3  1-0

[Event "Olomouc Chess Summer 2025 - D2"]
[Site "Olomouc (CZE), Hotel Flora"]
[Date "2025.08.24"]
[Round "9"]
[Board "13"]
[White "Ortoft, Kai"]
[Black "Fiser, Jiri"]
[Result "1/2-1/2"]
[WhiteElo "1992"]
[BlackElo "1860"]
[PlyCount "0"]
[EventDate "2025.08.17"]
[EventRounds "9"]
[EventCountry "CZE"]

1. Nf3 f5 2. e4 fxe4 3. Ng5 Nf6 4. d3 e5 5. dxe4 h6 6. Nf3 Nc6 7. Bc4 d6 8. h3 g5
9. Nc3 Qe7 10. Nd5 Nxd5 11. Bxd5 Be6 12. Be3 a6 13. c3 Nd8 14. Nd2 c6 15. Bb3 Bg7
16. Nf1 Bxb3 17. Qxb3 Qe6 18. O-O-O Qxb3 19. axb3 Nf7 20. Ng3 O-O-O 21. Nf5 Bf6 22.
Bb6 Rd7 23. c4 Bd8 24. Be3 Kc7 25. b4 Be7 26. Rd3 Rhd8 27. Rhd1 Bf8 28. Kc2 Nh8 29.
Kb3 Ng6 30. g3 Ne7 31. Nxe7 Bxe7 32. f4 Bf6 33. fxg5 Bxg5 34. Bg1 Rf7 35. h4  1/2-1/2

[Event "Olomouc Chess Summer 2025 - D2"]
[Site "Olomouc (CZE), Hotel Flora"]
[Date "2025.08.24"]
[Round "9"]
[Board "14"]
[White "Sveda, Jiri"]
[Black "Galt, Valeri"]
[Result "1/2-1/2"]
[WhiteElo "1839"]
[BlackElo "1962"]
[PlyCount "0"]
[EventDate "2025.08.17"]
[EventRounds "9"]
[EventCountry "CZE"]

1. e4 c5 2. Nf3 d6 3. c3 Nf6 4. Be2 Nc6 5. d4 cxd4 6. cxd4 e6 7. Nc3 Be7 8. O-O O-O
9. h3 a6 10. a3 b5 11. b4 Bb7 12. Bd3 Rc8 13. Bb2 Re8 14. Re1 Bf8 15. Rc1 Nb8 16.
Bb1 Nbd7 17. Nh2 Nb6 18. Ba2 Nc4  1/2-1/2

[Event "Olomouc Chess Summer 2025 - D2"]
[Site "Olomouc (CZE), Hotel Flora"]
[Date "2025.08.24"]
[Round "9"]
[Board "15"]
[White "Kubala, Karel"]
[Black "Svanholm, Borge Waaktaar"]
[Result "1/2-1/2"]
[WhiteElo "1855"]
[BlackElo "1936"]
[PlyCount "0"]
[EventDate "2025.08.17"]
[EventRounds "9"]
[EventCountry "CZE"]

1. c4 c6 2. e4 d5 3. cxd5 cxd5 4. exd5 Nf6 5. Bb5+ Nbd7 6. Nc3 g6 7. Nf3 Bg7 8. d4
O-O 9. O-O a6 10. Be2 Nb6 11. Bf4 Nbxd5 12. Be5 b5 13. Nxd5 Nxd5 14. Rc1 Bb7 15.
Qd2 Qb6 16. Rc5 Rfc8 17. Rfc1 e6 18. b4 Bf8 19. Rxc8 Rxc8 20. a3 Rxc1+ 21. Qxc1 Qc6
22. Qxc6 Bxc6 23. Bb8 Nc3 24. Bd3 Bxf3 25. gxf3 Bh6 26. f4 Nd5 27. Be4 Nxf4 28. Bxf4
Bxf4 29. d5 exd5 30. Bxd5 Bc1 31. Bb7 Bxa3 32. Bxa6 Bxb4 33. Bxb5 Kg7 34. Kg2 f5
35. f3 Kf6 36. Ba6 Kg5 37. h3 Kf4 38. Bc8 g5 39. Bd7 h5 40. Be8 h4 41. Bd7 Ke5 42.
Bc8 Be1 43. Bd7 Bg3 44. Bc8 Kf6 45. Bd7 Ke5 46. Bc8 Kf4 47. Bd7  1/2-1/2

[Event "Olomouc Chess Summer 2025 - D2"]
[Site "Olomouc (CZE), Hotel Flora"]
[Date "2025.08.24"]
[Round "9"]
[Board "16"]
[White "Franc, Lubor"]
[Black "Brousek, Jiri"]
[Result "1/2-1/2"]
[WhiteElo "1849"]
[BlackElo "1926"]
[PlyCount "0"]
[EventDate "2025.08.17"]
[EventRounds "9"]
[EventCountry "CZE"]

1. e4 e6 2. d4 d5 3. e5 c5 4. c3 Nc6 5. Nf3 cxd4 6. cxd4 Nge7 7. Nc3 Nf5 8. Be2 Be7
9. O-O O-O 10. g4 Nh4 11. Nxh4 Bxh4 12. Be3 f6 13. f4 fxe5 14. fxe5 Bd7 15. Qd2  1/2-1/2

[Event "Olomouc Chess Summer 2025 - D2"]
[Site "Olomouc (CZE), Hotel Flora"]
[Date "2025.08.24"]
[Round "9"]
[Board "18"]
[White "Kretschmer, Wolfgang"]
[Black "Vlacil, Vladimir"]
[Result "0-1"]
[WhiteElo "1795"]
[BlackElo "1914"]
[PlyCount "0"]
[EventDate "2025.08.17"]
[EventRounds "9"]
[EventCountry "CZE"]

1. d4 Nf6 2. c4 g6 3. g3 Bg7 4. Bg2 O-O 5. Nc3 d6 6. Nf3 c5 7. O-O Na6 8. a3 Bd7
9. e4 Rb8 10. Re1 Bg4 11. Qd3 cxd4 12. Nxd4 Nc5 13. Qe3 e5 14. Nc2 Be6 15. Nd5 Ng4
16. Qc3 f5 17. f3 Nf6 18. b4 Ncd7 19. Be3 b6 20. Rad1 fxe4 21. fxe4 Ng4 22. Qd3 Rc8
23. Bc1 Nf2  0-1

[Event "Olomouc Chess Summer 2025 - D2"]
[Site "Olomouc (CZE), Hotel Flora"]
[Date "2025.08.24"]
[Round "9"]
[Board "19"]
[White "Macura, Petr"]
[Black "Kotva, Milan"]
[Result "0-1"]
[WhiteElo "1773"]
[BlackElo "1884"]
[PlyCount "0"]
[EventDate "2025.08.17"]
[EventRounds "9"]
[EventCountry "CZE"]

1. e4 e5 2. Nf3 Nc6 3. Bc4 Nf6 4. Nc3 Be7 5. O-O d6 6. d4 Bg4 7. d5 Nd4 8. Be2 Nxe2+
9. Qxe2 O-O 10. h3 Bd7 11. Be3 Ne8 12. Nd2 g5 13. f3 Ng7 14. g4 h6 15. Qh2 Kh7 16.
Kf2 Kg6 17. Ke2 Rc8 18. Rh1 c6 19. Rac1 b5 20. Bf2 b4 21. Nd1 cxd5 22. exd5 f5 23.
b3 Qa5 24. Ne3 f4 25. Nec4 Qxd5 26. Ne4 Bb5 27. Ned2 Qe6 28. h4 d5 29. hxg5 Bxg5
30. Bh4 Rh8  0-1

[Event "Olomouc Chess Summer 2025 - D2"]
[Site "Olomouc (CZE), Hotel Flora"]
[Date "2025.08.24"]
[Round "9"]
[Board "20"]
[White "Lepik, Jaroslav"]
[Black "Hlousek, Milan"]
[Result "1-0"]
[WhiteElo "1876"]
[BlackElo "1761"]
[PlyCount "0"]
[EventDate "2025.08.17"]
[EventRounds "9"]
[EventCountry "CZE"]

1. c4 Nf6 2. Nc3 g6 3. g3 Bg7 4. Bg2 O-O 5. e4 e5 6. Nf3 d6 7. d4 Nc6 8. d5 Nb8 9.
h3 a5 10. Be3 c5 11. dxc6 bxc6 12. Qd2 Be6 13. b3 Qc7 14. Rd1 Ne8 15. Bh6 f6 16.
Bxg7 Qxg7 17. O-O Na6 18. Nh2 f5 19. exf5 Bxf5 20. Bxc6 Rd8 21. Qd5+ Kh8 22. Qxa5
Nac7 23. Bg2 Qd7 24. f4 Bxh3 25. fxe5 Rxf1+ 26. Rxf1 Ng7 27. exd6 Bxg2 28. Kxg2 Qxd6
29. Rd1 Qc6+ 30. Nd5 Nf5 31. Qc3+ Ng7 32. Qf3 Nf5 33. Nf1 Nxd5 34. Rxd5 Rxd5 35.
Qxd5 Qa6 36. a4 Qf6 37. Qd2 Kg8 38. Ne3 Nd4 39. Qf2 Qc6+ 40. Nd5 Nf5 41. Kh2 Qe6
42. a5 Kg7 43. b4 Nh6 44. Qd4+ Kf7 45. Nf4 Ng4+ 46. Kg2 Qe1 47. Qd7+ Qe7 48. Qxg4
Qxb4 49. Qe6+ Kg7 50. a6 Qb2+ 51. Ne2 Qa2 52. Qe7+ Kh6 53. a7  1-0